| 000 | 00789nam a2200205 a 4500 | ||
|---|---|---|---|
| 008 | 071016s1996 ||||||||||||||||| || u | ||
| 020 | _a821335677 | ||
| 050 | _aIBRD(06)CS/1996/6 | ||
| 110 | _aWorld Bank | ||
| 245 | 1 | 0 | _aRussian Federation: toward medium-term viability |
| 260 |
_aWashington D.C.: _bWorld Bank _c1996 |
||
| 300 | _axxi, 125p. : ill. | ||
| 350 | _a0.00 | ||
| 490 | _aWorld Bank Country Study | ||
| 650 | _aPRIVATIZATION--RUSSIA (FEDERATION) | ||
| 650 | 0 | _aECONOMICS | |
| 650 | _aRUSSIA (FEDERATION)--ECONOMIC POLICY--1991- | ||
| 650 | _aSTRUCTURAL ADJUSTMENT (ECONOMIC POLICY)--RUSSIA (FEDERATION) | ||
| 995 |
_D0.00 _FCBU-MAIN LIBRARY (Kitwe) _H1 _I0.00 _M1 _UAVAILABLE _WOct 16, 2007 _ZInternational Publications |
||
| 999 |
_c56862 _d56862 |
||